00756 a2200205 45000010006000000050017000060080041000230030015000640400040000790800085001192450071002040200022002752640034002973000019003310410008003501000038003587000028003967000031004248560095004554460120260407155722.0260407a2015 arg spa dAR-UNSa-BCEJYS aAR-UNSa-BCEJYSbspacAR-UNSa-BCEJYS a342.4xConstituciones. Asambleas legislativas. Asambleas nacionales (Reforma...)10aConstitución de la Nación Argentina y tratados internacionales a978-987-01-1839-8 1aBuenos Aires :bErreiusc2015 a149 p.c21 cm. aspa1 aArgentina [Constitucion Nacional]1 aParada, Ricardo Antonio1 aErrecaborde, José Daniel41uhttps://biblioeco.unsa.edu.ar/pmb/images/libros/L126944.jpgyImagen de portadaqimage/jpeg